Tomorrow's organization : (Record no. 6880)
[ view plain ]
| 000 -LEADER | |
|---|---|
| fixed length control field | 01335nac a22003011u 4500 |
| 010 ## - LIBRARY OF CONGRESS CONTROL NUMBER | |
| LC control number | 97042831 |
| 020 ## - INTERNATIONAL STANDARD BOOK NUMBER | |
| International Standard Book Number | 0787940046 (alk. paper) |
| 082 00 - DEWEY DECIMAL CLASSIFICATION NUMBER | |
| Classification number | 658 |
| Item number | MOH |
| 090 ## - LOCALLY ASSIGNED LC-TYPE CALL NUMBER (OCLC); LOCAL CALL NUMBER (OCLC) | |
| -- | 6880 |
| -- | 6880 |
| 100 ## - MAIN ENTRY--PERSONAL NAME | |
| Personal name | Mohrman, Susan Albers. |
| 245 10 - TITLE STATEMENT | |
| Title | Tomorrow's organization : |
| Remainder of title | crafting winning capabilities in a dynamic world / |
| Statement of responsibility, etc | Susan Albers Mohrman, Jay R. Galbraith, Edward E. Lawler III, and associates. |
| 250 ## - EDITION STATEMENT | |
| Edition statement | 1st ed. |
| 260 ## - PUBLICATION, DISTRIBUTION, ETC. (IMPRINT) | |
| Place of publication, distribution, etc | San Francisco : |
| Name of publisher, distributor, etc | Jossey-Bass,c1998. |
| Date of publication, distribution, etc | c1998. |
| 300 ## - PHYSICAL DESCRIPTION | |
| Extent | xxiv, 453 p. : |
| Other physical details | ill. ; |
| Dimensions | 24 cm. |
| 440 #4 - | |
| -- | The Jossey-Bass business & management series |
| 500 ## - GENERAL NOTE | |
| General note | Distributer: Al-Ahram. |
| 504 ## - BIBLIOGRAPHY, ETC. NOTE | |
| Bibliography, etc | Includes bibliographical references (p. 413-436) and indexes. |
| 511 ## - PARTICIPANT OR PERFORMER NOTE | |
| Participant or performer note | Catalogued By: Mahitab. |
| 650 #0 - SUBJECT ADDED ENTRY--TOPICAL TERM | |
| Topical term or geographic name as entry element | Industrial management. |
| 650 #0 - SUBJECT ADDED ENTRY--TOPICAL TERM | |
| Topical term or geographic name as entry element | Organizational effectiveness. |
| 700 1# - ADDED ENTRY--PERSONAL NAME | |
| Personal name | Galbraith, Jay R. |
| 700 1# - ADDED ENTRY--PERSONAL NAME | |
| Personal name | Lawler, Edward E. |
| 856 42 - ELECTRONIC LOCATION AND ACCESS | |
| Materials specified | Contributor biographical information |
| Uniform Resource Identifier | <a href="http://www.loc.gov/catdir/bios/wiley044/97042831.html">http://www.loc.gov/catdir/bios/wiley044/97042831.html</a> |
| 856 42 - ELECTRONIC LOCATION AND ACCESS | |
| Materials specified | Publisher description |
| Uniform Resource Identifier | <a href="http://www.loc.gov/catdir/description/wiley037/97042831.html">http://www.loc.gov/catdir/description/wiley037/97042831.html</a> |
| 856 42 - ELECTRONIC LOCATION AND ACCESS | |
| Materials specified | Table of contents |
| Uniform Resource Identifier | <a href="http://lcweb.loc.gov/catdir/toc/97-42831.html">http://lcweb.loc.gov/catdir/toc/97-42831.html</a> |
| 942 ## - ADDED ENTRY ELEMENTS (KOHA) | |
| Item type | Book - Borrowing |
| Call number prefix | 658MOH |
| Withdrawn status | Item status | Damaged status | Not for loan | Home library | Current library | Shelving location | Date acquired | Source of acquisition | Total Checkouts | Full call number | Barcode | Date last seen | Date last borrowed | Koha item type |
|---|---|---|---|---|---|---|---|---|---|---|---|---|---|---|
| Central Library | Central Library | First floor | 09/12/2007 | Purchase | 4 | 658MOH | 000008541 | 15/07/2025 | 20/04/2015 | Book - Borrowing |